000 00426nam a2200145Ia 4500
008 260520s2026 xx 000 0 und d
041 _amar
082 _a294.5925/JOS
100 _aजोशी, गीता
245 _aश्री मत्स्य पुराण
260 _aपुणे
_bमे शारदा साहित्य
_c2026
300 _a192p.
500 _aCat No: 15261
650 _aRELIGION
999 _c1222261
_d1222261